| 000 | 01277cam a2200337 a 4500 | ||
|---|---|---|---|
| 001 | 2559574 | ||
| 003 | USPCAS-E | ||
| 005 | 20180118181417.0 | ||
| 008 | 950310s1996 nyua 001 0 eng | ||
| 010 | _a 95012071 | ||
| 020 | _a0471584673 | ||
| 040 |
_aDLC _cDLC _dDLC |
||
| 050 | 0 | 0 |
_aTJ260 _b.B433 1996 |
| 082 | 0 | 0 |
_a621.402 _220 _bBEJ-1996 |
| 100 | 1 |
_aBejan, Adrian, _d1948- |
|
| 245 | 1 | 0 |
_aThermal design and optimization / _cAdrian Bejan, George Tsatsaronis, Michael Moran. |
| 260 |
_aNew York : _bWiley, _cc1996. |
||
| 300 |
_axv, 542 p. : _bill. ; _c24 cm. |
||
| 500 | _a"A Wiley-Interscience publication." | ||
| 500 | _aIncludes index. | ||
| 502 | _a. | ||
| 650 | 0 | _aHeat engineering. | |
| 700 | 1 |
_aTsatsaronis, G. _q(George) |
|
| 700 | 1 | _aMoran, Michael J. | |
| 856 | 4 | 2 |
_3Contributor biographical information _uhttp://www.loc.gov/catdir/bios/wiley041/95012071.html |
| 856 | 4 | 2 |
_3Publisher description _uhttp://www.loc.gov/catdir/description/wiley032/95012071.html |
| 856 | 4 |
_3Table of Contents _uhttp://www.loc.gov/catdir/toc/onix03/95012071.html |
|
| 906 |
_a7 _bcbc _corignew _d1 _eocip _f19 _gy-gencatlg |
||
| 942 |
_2ddc _cBK |
||
| 999 |
_c355896 _d355896 |
||